000 00427cam a22001337a 4500
008 180718b2001 xxu||||| |||| 00| 0 eng d
082 _aA81x54 01/16/PAP1/01
100 _aCensus of India 2001
245 _aMizoram: provisional population totals
260 _aDelhi
_bThe Controller of Publications
_c2001
300 _a58+p.
440 _aCensus of India 2001. Series-16, Mizoram. Paper-1 of 2001
650 _aMizoram - Census
999 _c490878
_d490878